000
00275nam a2200085Ia 4500
245
0
_a
Zebra crossings : tales from the shaman's record
100
_a
MERRINGTON, Peter Auckland Park, South Africa, 2008
_9
77337
942
_c
BK
008
210817s9999 xx 000 0 und d
999
_c
268664
_d
268665